Beyond the sacred page : (Record no. 918)

MARC details
000 -LEADER
fixed length control field 01046cam a2200337 a 4500
005 - DATE AND TIME OF LATEST TRANSACTION
control field 20260322212039.0
008 - FIXED-LENGTH DATA ELEMENTS--GENERAL INFORMATION
fixed length control field data
010 ## - LIBRARY OF CONGRESS CONTROL NUMBER
LC control number 2002151905
020 ## - INTERNATIONAL STANDARD BOOK NUMBER
International Standard Book Number 0310215757
020 ## - INTERNATIONAL STANDARD BOOK NUMBER
International Standard Book Number 9780310215752
040 ## - CATALOGING SOURCE
Original cataloging agency DLC
Transcribing agency DLC
Modifying agency DLC
043 ## - GEOGRAPHIC AREA CODE
Geographic area code e-uk---
050 00 - LIBRARY OF CONGRESS CALL NUMBER
Classification number PS3553.A965
Item number B49 2003
082 00 - DEWEY DECIMAL CLASSIFICATION NUMBER
Classification number 813/.54
Edition information 21
099 ## - LOCAL FREE-TEXT CALL NUMBER (OCLC)
Classification number CAVANJ
001 - CONTROL NUMBER
control field data
100 1# - MAIN ENTRY--PERSONAL NAME
Personal name Cavanaugh, Jack,
Dates associated with a name 1952-
245 10 - TITLE STATEMENT
Title Beyond the sacred page :
Remainder of title a novel : the Tyndale translation /
Statement of responsibility, etc. Jack Cavanaugh.
260 ## - PUBLICATION, DISTRIBUTION, ETC.
Place of publication, distribution, etc. Grand Rapids :
Name of publisher, distributor, etc. Zondervan,
Date of publication, distribution, etc. c2003.
300 ## - PHYSICAL DESCRIPTION
Extent 336 p. :
Other physical details map ;
Dimensions 22 cm.
490 1# - SERIES STATEMENT
Series statement Book of books ;
Volume/sequential designation 2nd
600 10 - SUBJECT ADDED ENTRY--PERSONAL NAME
Personal name Tyndale, William,
Dates associated with a name -1536
Form subdivision Fiction.
600 10 - SUBJECT ADDED ENTRY--PERSONAL NAME
Personal name Foxe, John,
Dates associated with a name 1516-1587
Form subdivision Fiction.
630 00 - SUBJECT ADDED ENTRY--UNIFORM TITLE
Uniform title Bible
General subdivision Translating
Form subdivision Fiction.
650 #0 - SUBJECT ADDED ENTRY--TOPICAL TERM
Topical term or geographic name entry element Translators
Form subdivision Fiction.
650 #0 - SUBJECT ADDED ENTRY--TOPICAL TERM
Topical term or geographic name entry element Reformation
Form subdivision Fiction.
651 #0 - SUBJECT ADDED ENTRY--GEOGRAPHIC NAME
Geographic name Great Britain
General subdivision History
Chronological subdivision Tudors, 1485-1603
Form subdivision Fiction.
655 #7 - INDEX TERM--GENRE/FORM
Genre/form data or focus term Christian fiction.
Source of term lcsh
655 #7 - INDEX TERM--GENRE/FORM
Genre/form data or focus term Biographical fiction.
Source of term gsafd
800 1# - SERIES ADDED ENTRY--PERSONAL NAME
Personal name Cavanaugh, Jack,
Dates associated with a name 1952-
Title of a work Book of books ;
Volume/sequential designation bk. 2.
Holdings
Withdrawn status Lost status Damaged status Not for loan Home library Current library Shelving location Date acquired Total checkouts Full call number Barcode Date last seen Price effective from Koha item type
        Troy Troy General stacks 22/03/2026   813/.54 21 BC0010947 22/03/2026 22/03/2026 Books